000 00946cam a2200253 4500
001 WB3542-25
008 000000n1999 000 0 eng u
035 _a(Sirsi) u101048
245 _aCurrys Group plc v Martin
260 _c1999
490 _aEstates Gazette Case Summaries
_v[1999] EGCS 115
520 _aQBD 28 September 1999. The claimant tenant contended that the defendant was negligent in calculating a headline rent in a rent review. The issue hinged on whether it could be shown that no reasonably competent surveyor could have reached the same conclusion as the defendant. "Held" claim dismissed.
590 _aWB
650 _aNEGLIGENCE
650 _aINDEPENDENT EXPERT
650 _aValuation
_96273
650 _aRENT REVIEWS
650 _aHEADLINE RENT
650 _aINDUCEMENTS
650 _aRETAIL PROPERTY
650 _aCURRYS GROUP PLC V MARTIN
690 _aLANDLORD AND TENANT-RENT REVIEWS
942 _n0
999 _c60292
_d60292